The handbook of second language acquisition

Salvato in:
Dettagli Bibliografici
Autore principale: Doughty, Catherine J (Autore)
Altri autori: Long, Michael H. (autor)
Natura: Libro
Lingua:inglese
Pubblicazione: Malden Blackwell 2003
Edizione:1a. ed
Serie:Blackwell Handbooks in Linguistics
Soggetti:
Tags: Aggiungi Tag
Nessun Tag, puoi essere il primo ad aggiungerne!!

MARC

LEADER 00000nam a2200000 a 4500
001 UCK8071
003 CL-VaPUC
008 060113e20030000US |||||||||||||||||eng|d
020 |a 1405132817 
082 0 4 |a 418  |b DOU  |2 21 
100 0 |a Doughty, Catherine J  |e author  |9 497870 
700 |a Long, Michael H.  |e autor  |9 582426 
245 1 4 |a The handbook of second language acquisition 
250 |a 1a. ed 
300 |a 888 p 
942 |c BK 
945 |d 20060113 00:00:00  |a cmena 
260 |a Malden  |b Blackwell  |c 2003 
650 0 |a Adquisición del lenguaje   |9 309032 
650 7 |a IDIOMAS  |2 CL-VaPUC  |9 497872 
650 0 |a Aprendizaje   |9 254827 
650 0 |a Psicolingüística   |9 283371 
650 0 |a Investigación lingüística  |9 329785 
583 |a last modification  |c 20060113 00:00:00  |k Rodrigo Vera 
490 0 |a Blackwell Handbooks in Linguistics 
999 |c 315895  |d 315893 
952 |0 0  |1 0  |4 0  |6 418_000000000000000_DOU_2003  |7 0  |8 A  |9 389754  |a FDOPOS  |b FDOPOS  |d 2019-11-22  |i 4349245  |o 418 DOU 2003  |p 4349245  |r 2025-01-22  |w 2019-11-22  |y BK  |k MLA